[Event "39. Biel International - Dames Accentus"]
[Site "Biel SUI"]
[Date "2006.07.25"]
[Round "2.2"]
[White "Socko, Monika"]
[Black "Atalik, Ekaterina"]
[Result "1-0"]
[WhiteElo "2464"]
[BlackElo "2377"]
[PlyCount "73"]
[EventDate "2006.07.24"]
[EventType "tourn"]
[EventRounds "10"]
[EventCountry "SUI"]
[EventCategory "8"]
[Source "lmi"]
[SourceDate "2006.08.03"]

1. d4 d5 2. c4 c6 3. e3 Nf6 4. Nc3 a6 5. Nf3 b5 6. b3 Bg4 7. Bd2 Nbd7 8. h3
Bxf3 9. Qxf3 e6 10. Bd3 Be7 11. O-O O-O 12. Rac1 Rc8 13. Rfd1 b4 14. Na4 a5 15.
Qe2 Ne4 16. Be1 f5 17. cxd5 exd5 18. f3 Nd6 19. Bg3 Qe8 20. Ba6 Rc7 21. Nc5 Qg6
22. Bf4 Nb8 23. Bd3 Re8 24. Kh1 Bg5 25. Be5 Rce7 26. Qf2 Nf7 27. f4 Bf6 28. Qf3
Bxe5 29. fxe5 Nh6 30. g4 Rf8 31. Rg1 Qe8 32. gxf5 Kh8 33. Rcf1 Nd7 34. Nxd7
Qxd7 35. Qh5 Qe8 36. Qh4 Ref7 37. f6 1-0

[Event "39. Biel International - Dames Accentus"]
[Site "Biel SUI"]
[Date "2006.07.26"]
[Round "3.1"]
[White "Atalik, Ekaterina"]
[Black "Skripchenko, Almira"]
[Result "1-0"]
[WhiteElo "2377"]
[BlackElo "2421"]
[PlyCount "61"]
[EventDate "2006.07.24"]
[EventType "tourn"]
[EventRounds "10"]
[EventCountry "SUI"]
[EventCategory "8"]
[Source "lmi"]
[SourceDate "2006.08.03"]

1. d4 Nf6 2. c4 e5 3. d5 Bc5 4. Nc3 O-O 5. e3 d6 6. Bd3 c6 7. Nge2 a6 8. O-O
cxd5 9. cxd5 b5 10. a3 Bb7 11. e4 Nbd7 12. Ng3 Rc8 13. Bg5 h6 14. Bd2 Bd4 15.
Rc1 Nc5 16. Bc2 Kh7 17. b4 Ncd7 18. Bd3 g6 19. Kh1 Qb6 20. Qf3 h5 21. h3 Kg7
22. Nge2 Rh8 23. Nd1 Rcf8 24. Ne3 Nh7 25. Nxd4 exd4 26. Nf5+ gxf5 27. Qg3+ Kf6
28. Rc6 Bxc6 29. Qxd6+ Kg7 30. Bh6+ Kg8 31. Qg3+ 1-0

[Event "39. Biel International - Dames Accentus"]
[Site "Biel SUI"]
[Date "2006.07.27"]
[Round "4.1"]
[White "Socko, Monika"]
[Black "Skripchenko, Almira"]
[Result "1/2-1/2"]
[WhiteElo "2464"]
[BlackElo "2421"]
[PlyCount "25"]
[EventDate "2006.07.24"]
[EventType "tourn"]
[EventRounds "10"]
[EventCountry "SUI"]
[EventCategory "8"]
[Source "lmi"]
[SourceDate "2006.08.03"]

1. g3 e5 2. Bg2 d5 3. d3 Nc6 4. Nf3 Be6 5. O-O Qd7 6. e4 d4 7. Nbd2 f6 8. a3
Bd6 9. b3 Nge7 10. Nc4 O-O 11. Bd2 Bg4 12. Qe1 Rae8 13. Nxd6 1/2-1/2

[Event "39. Biel International - Dames Accentus"]
[Site "Biel SUI"]
[Date "2006.07.28"]
[Round "5.3"]
[White "Cramling, Pia"]
[Black "Socko, Monika"]
[Result "1-0"]
[WhiteElo "2521"]
[BlackElo "2464"]
[PlyCount "149"]
[EventDate "2006.07.24"]
[EventType "tourn"]
[EventRounds "10"]
[EventCountry "SUI"]
[EventCategory "8"]
[Source "lmi"]
[SourceDate "2006.08.03"]

1. d4 g6 2. g3 Bg7 3. Bg2 d6 4. Nf3 Nf6 5. b3 O-O 6. Bb2 c5 7. c4 Ne4 8. O-O
Nc6 9. e3 Bg4 10. Qc2 Bf5 11. Qe2 Qc8 12. d5 Bxb2 13. Qxb2 Nb4 14. a3 Na6 15.
Nh4 Nf6 16. Nc3 Nc7 17. e4 Bd7 18. f4 Rb8 19. e5 Nfe8 20. a4 a6 21. a5 b5 22.
axb6 Rxb6 23. Ne4 Bf5 24. Nxf5 Qxf5 25. Qc3 f6 26. e6 Qh5 27. Ra2 f5 28. Nd2
Nf6 29. Qf3 Qh6 30. h3 Nh5 31. Qc3 Rfb8 32. Kh2 Nf6 33. Bf3 Nce8 34. Kg2 Nc7
35. Qd3 Rf8 36. Bd1 Qg7 37. g4 Nfe8 38. g5 a5 39. Nb1 Na6 40. Rxa5 Qb2+ 41. Qc2
Qxc2+ 42. Bxc2 Nb4 43. Bd1 Rb7 44. Nd2 Nc7 45. Be2 Ra8 46. Rxa8+ Nxa8 47. Ra1
Nc7 48. Kf2 Rb8 49. Bd1 Nca6 50. Ke3 Kg7 51. Nf3 Ra8 52. Kd2 Rb8 53. Be2 Rb6
54. h4 Rb8 55. h5 Ra8 56. Nh4 Ra7 57. Bf1 Ra8 58. Bh3 Nd3 59. Ke3 Ndb4 60. Kd2
Rf8 61. Ra4 Nc7 62. Ra7 Nba6 63. Rb7 Rh8 64. h6+ Kf8 65. Bf1 Ke8 66. b4 cxb4
67. c5 Kd8 68. Bxa6 Nxa6 69. Rb6 dxc5 70. Rxa6 Kc7 71. Rc6+ Kb7 72. Rxc5 Ra8
73. Rb5+ Kc7 74. Rxb4 Ra3 75. Ke2 1-0

[Event "39. Biel International - Dames Accentus"]
[Site "Biel SUI"]
[Date "2006.07.30"]
[Round "6.1"]
[White "Cramling, Pia"]
[Black "Skripchenko, Almira"]
[Result "1-0"]
[WhiteElo "2521"]
[BlackElo "2421"]
[PlyCount "113"]
[EventDate "2006.07.24"]
[EventType "tourn"]
[EventRounds "10"]
[EventCountry "SUI"]
[EventCategory "8"]
[Source "lmi"]
[SourceDate "2006.08.03"]

1. d4 Nf6 2. Nf3 d5 3. c4 e6 4. Nc3 c6 5. Bg5 Nbd7 6. e3 Qa5 7. Nd2 Bb4 8. Qc2
O-O 9. a3 dxc4 10. Bxf6 Nxf6 11. Nxc4 Bxc3+ 12. bxc3 Qc7 13. Bd3 c5 14. O-O Rd8
15. Rfd1 b6 16. e4 cxd4 17. e5 Nd5 18. Bxh7+ Kf8 19. Rxd4 Ba6 20. Nd6 Qxc3 21.
Qxc3 Nxc3 22. Bd3 Bxd3 23. Rxd3 Ne4 24. Rc1 Nc5 25. Rh3 Ke7 26. f4 Rh8 27. Rg3
Rhg8 28. Nb7 Na6 29. a4 g6 30. Nd6 Rab8 31. a5 Nc5 32. Ra3 Rgd8 33. h4 Rd7 34.
Kh2 Rh8 35. Kh3 f6 36. g3 g5 37. axb6 axb6 38. fxg5 fxe5 39. Nc4 Nd3 40. Rxd3
Rxd3 41. Nxe5 Rhd8 42. Nc6+ Kf7 43. Nxd8+ Rxd8 44. Rc7+ Kg6 45. Rc6 Kf5 46.
Rxb6 Rd1 47. Rb8 Rh1+ 48. Kg2 Re1 49. Rf8+ Kg6 50. Kf2 Ra1 51. Rf6+ Kh5 52.
Rxe6 Ra2+ 53. Re2 Ra8 54. Kf3 Rf8+ 55. Kg2 Ra8 56. Kh3 Ra3 57. Re8 1-0

[Event "39. Biel International - Dames Accentus"]
[Site "Biel SUI"]
[Date "2006.07.31"]
[Round "7.2"]
[White "Atalik, Ekaterina"]
[Black "Socko, Monika"]
[Result "0-1"]
[WhiteElo "2377"]
[BlackElo "2464"]
[PlyCount "98"]
[EventDate "2006.07.24"]
[EventType "tourn"]
[EventRounds "10"]
[EventCountry "SUI"]
[EventCategory "8"]
[Source "lmi"]
[SourceDate "2006.08.03"]

1. d4 d6 2. c4 e5 3. dxe5 dxe5 4. Qxd8+ Kxd8 5. Nc3 Be6 6. e4 Nd7 7. Bd2 c6 8.
O-O-O Kc7 9. f4 f6 10. Nf3 g6 11. g3 Nh6 12. Be2 Re8 13. h3 Nf7 14. Nh4 Nd6 15.
b3 exf4 16. gxf4 Bf7 17. Bg4 Nc5 18. e5 fxe5 19. Be3 b6 20. fxe5 Rxe5 21. Bd4
Bh6+ 22. Kb1 Rhe8 23. Bxe5 Rxe5 24. Rhf1 Bg8 25. Ng2 Bg7 26. h4 Re7 27. Rf3 h5
28. Bh3 Bh7 29. Kc1 Bh6+ 30. Kb2 Bg7 31. Ka3 b5 32. Rxd6 Kxd6 33. b4 Bxc3 34.
Rxc3 Ne4 35. c5+ Ke5 36. Rd3 Bg8 37. Rd8 Be6 38. Bxe6 Rxe6 39. Ne1 Kf4 40. Rf8+
Kg4 41. Ng2 Nf6 42. Ne1 Nd5 43. Nc2 Kxh4 44. Kb2 Re4 45. a3 g5 46. Rc8 g4 47.
Rxc6 g3 48. Rg6 Ne7 49. Rg7 Kh3 0-1

[Event "39. Biel International - Dames Accentus"]
[Site "Biel SUI"]
[Date "2006.08.01"]
[Round "8.1"]
[White "Skripchenko, Almira"]
[Black "Atalik, Ekaterina"]
[Result "0-1"]
[WhiteElo "2421"]
[BlackElo "2377"]
[PlyCount "80"]
[EventDate "2006.07.24"]
[EventType "tourn"]
[EventRounds "10"]
[EventCountry "SUI"]
[EventCategory "8"]
[Source "lmi"]
[SourceDate "2006.08.03"]

1. e4 e5 2. d4 exd4 3. Qxd4 Nc6 4. Qe3 g6 5. Bc4 Bg7 6. Ne2 Nge7 7. Nbc3 O-O 8.
h4 Na5 9. Bd3 d5 10. Qg5 h6 11. Qg3 dxe4 12. Nxe4 Nf5 13. Qh2 Nc6 14. Bf4 Nb4
15. O-O-O Qd5 16. a3 Nxd3+ 17. cxd3 Nd4 18. N2c3 Qb3 19. Rd2 f5 20. Be5 Qf7 21.
Bxd4 Bxd4 22. Ng3 Bxc3 23. bxc3 Qb3 24. Ne2 Qxa3+ 25. Kb1 Rf6 26. Ra2 Rb6+ 27.
Ka1 Qc5 28. Qg3 Kf7 29. Rc1 Be6 30. c4 Rb3 31. Rb2 Rxb2 32. Kxb2 Bd7 33. Nf4
Qb6+ 34. Kc3 Re8 35. Kd2 Ba4 36. d4 Qxd4+ 37. Nd3 Re7 38. Re1 Rd7 39. f4 Qb2+
40. Ke3 Rxd3+ 0-1

[Event "39. Biel International - Dames Accentus"]
[Site "Biel SUI"]
[Date "2006.08.02"]
[Round "9.1"]
[White "Muzychuk, Anna"]
[Black "Skripchenko, Almira"]
[Result "0-1"]
[WhiteElo "2456"]
[BlackElo "2421"]
[PlyCount "94"]
[EventDate "2006.07.24"]
[EventType "tourn"]
[EventRounds "10"]
[EventCountry "SUI"]
[EventCategory "8"]
[Source "lmi"]
[SourceDate "2006.08.03"]

1. e4 c5 2. Nf3 e6 3. c4 Nc6 4. d4 cxd4 5. Nxd4 Nxd4 6. Qxd4 Ne7 7. Be3 Nc6 8.
Qd2 b6 9. Nc3 Bc5 10. f4 O-O 11. Bd3 Ba6 12. O-O Qe7 13. Rae1 f6 14. b3 Rac8
15. Kh1 Bb4 16. Re2 Na5 17. Qb2 Qd6 18. Rd1 Qb8 19. Bd2 Nc6 20. Nb5 Rcd8 21.
Bc1 Bb7 22. a3 Be7 23. Bb1 e5 24. f5 a6 25. Nc3 Nd4 26. Re3 g5 27. fxg6 hxg6
28. Rg3 Kg7 29. Nd5 Bxd5 30. exd5 f5 31. Be3 Kf7 32. Rf1 Bf6 33. Rh3 Rh8 34.
Rxh8 Rxh8 35. g3 Nf3 36. Bg1 e4 37. Qg2 Be5 38. Qe2 Bxg3 39. d6 Bxh2 40. Rxf3
Be5+ 41. Kg2 exf3+ 42. Qxf3 Qxd6 43. Be4 Qd2+ 44. Kf1 Qc1+ 45. Kg2 Kf6 46. Qf2
d6 47. Bb7 Rh5 0-1

[Event "39. Biel International - Dames Accentus"]
[Site "Biel SUI"]
[Date "2006.08.02"]
[Round "9.3"]
[White "Socko, Monika"]
[Black "Cramling, Pia"]
[Result "1/2-1/2"]
[WhiteElo "2464"]
[BlackElo "2521"]
[PlyCount "45"]
[EventDate "2006.07.24"]
[EventType "tourn"]
[EventRounds "10"]
[EventCountry "SUI"]
[EventCategory "8"]
[Source "lmi"]
[SourceDate "2006.08.03"]

1. d4 Nf6 2. c4 e6 3. Nc3 Bb4 4. Qc2 c5 5. dxc5 O-O 6. a3 Bxc5 7. Nf3 b6 8. Bg5
Bb7 9. e3 Be7 10. Be2 d6 11. O-O Nbd7 12. Rfd1 a6 13. Rac1 Rc8 14. b4 Qc7 15.
Qb3 Qb8 16. h3 Rfd8 17. Na4 Qa7 18. Rc2 h6 19. Bh4 d5 20. cxd5 Bxd5 21. Qb2
Rxc2 22. Qxc2 b5 23. Nc3 1/2-1/2

[Event "39. Biel International - Dames Accentus"]
[Site "Biel SUI"]
[Date "2006.08.03"]
[Round "10.1"]
[White "Skripchenko, Almira"]
[Black "Socko, Monika"]
[Result "1/2-1/2"]
[WhiteElo "2421"]
[BlackElo "2464"]
[PlyCount "41"]
[EventDate "2006.07.24"]
[EventType "tourn"]
[EventRounds "10"]
[EventCountry "SUI"]
[EventCategory "8"]
[Source "lmi"]
[SourceDate "2006.08.03"]

1. e4 e6 2. d4 d5 3. exd5 exd5 4. Nf3 Nc6 5. Bb5 Bd6 6. c4 dxc4 7. d5 a6 8. Ba4
b5 9. dxc6 bxa4 10. Qxa4 Ne7 11. O-O O-O 12. Nbd2 c3 13. bxc3 Qe8 14. Ne4 Qxc6
15. Qxc6 Nxc6 16. Nxd6 cxd6 17. Bf4 d5 18. Rfd1 Be6 19. h3 Rfc8 20. Nd4 Nxd4
21. cxd4 1/2-1/2